[Event "Titled Tuesday intern op 30th Aug Early"]
[Site "Chess.com INT"]
[Date "2022.08.30"]
[Round "7"]
[White "Lahdelma, Henri"]
[Black "Aizpurua, Patrick Emilio"]
[Result "0-1"]
[WhiteElo "2286"]
[BlackElo "2310"]
[PlyCount "82"]
[EventDate "2022.08.30"]
[EventType "swiss (blitz)"]
[EventRounds "11"]
[EventCountry "USA"]
[SourceTitle "EXT 2023"]
[Source "ChessBase"]
[SourceDate "2022.10.05"]
[SourceVersion "1"]
[SourceVersionDate "2022.10.05"]
[SourceQuality "1"]

1. d4 Nf6 2. c4 e6 3. Nc3 Bb4 4. e3 c5 5. Nge2 0-0 6. a3 cxd4 7. exd4 Be7 8. b4 a5 9. b5 b6 10. Be3 Bb7 11. Ng3 d6 12. Bd3 Nbd7 13. 0-0 Rc8 14. Nh5 d5 15. cxd5 Rxc3 16. dxe6 fxe6 17. Nf4 Bd5 18. a4 Bd6 19. Bd2 Rc8 20. Qe2 Re8 21. Rfe1 Nf8 22. Qe3 Bc4 23. Bb1 Nd5 24. Qe4 Nxf4 25. Bxf4 Bd5 26. Qe3 Bxf4 27. Qxf4 Qf6 28. Qd2 Rc4 29. Rd1 Rec8 30. h3 Rc3 31. Qe2 Ng6 32. Bd3 Nf4 33. Qe3 Nxg2 34. Qg3 Nf4 35. Kh2 Rxd3 36. Rxd3 Nxd3 37. Rf1 Nf4 38. Qe3 Qf5 39. Rg1 g6 40. Rg4 Rf8 41. Kg3 Nh5+ 0-1

[Event "Riga Tech op 11th"]
[Site "Riga"]
[Date "2022.08.19"]
[Round "7"]
[White "Lahdelma, Henri"]
[Black "Laurusas, Tomas"]
[Result "0-1"]
[WhiteElo "2286"]
[BlackElo "2573"]
[PlyCount "130"]
[EventDate "2022.08.15"]
[EventType "swiss"]
[EventRounds "9"]
[EventCountry "LAT"]
[SourceTitle "CBM 209 Extra"]
[Source "ChessBase"]
[SourceDate "2022.09.30"]
[SourceVersion "1"]
[SourceVersionDate "2022.09.30"]
[SourceQuality "1"]

1. d4 Nf6 2. c4 c6 3. Nc3 d5 4. Nf3 dxc4 5. a4 Bf5 6. Ne5 Nbd7 7. Nxc4 Nb6 8. Ne5 a5 9. g3 e6 10. Bg2 Bb4 11. 0-0 0-0 12. Bg5 h6 13. Bxf6 Qxf6 14. e4 Bh7 15. Qb3 Rfd8 16. Rad1 Nd7 17. Nc4 e5 18. Nxe5 Nxe5 19. dxe5 Qxe5 20. f4 Qe7 21. Qc2 Re8 22. f5 Rad8 23. Kh1 Kf8 24. Bf3 Qc5 25. Rd3 Rxd3 26. Qxd3 Qd6 27. Qc2 Rd8 28. Rd1 Qb8 29. Ne2 Ke7 30. Nf4 Rxd1+ 31. Bxd1 Qe5 32. Qe2 Qd4 33. Bb3 Bd6 34. Nd3 Bc7 35. Kg2 g6 36. g4 Bb6 37. Kf3 Qg1 38. h3 h5 39. Bc2 Bd4 40. Bb3 h4 41. Qe1 Qxe1 42. Nxe1 Bxb2 43. Ke3 f6 44. Nd3 Bc3 45. Be6 Kd6 46. Bf7 g5 47. Ke2 b5 48. Kd1 Ke7 49. Be6 Bg6 50. fxg6 Kxe6 51. Nc5+ Ke7 52. Kc2 Bb4 53. Nd3 Bd6 54. Nc1 bxa4 55. Ne2 Be5 56. Nc1 Kf8 57. Nd3 a3 58. Kb3 Bd6 59. Ne1 Kg7 60. Nf3 Kxg6 61. Nd4 c5 62. Nc2 c4+ 63. Kxc4 a4 64. Kd5 Bf8 65. Kc6 a2 0-1

[Event "Riga Tech op 11th"]
[Site "Riga"]
[Date "2022.08.18"]
[Round "5"]
[White "Lahdelma, Henri"]
[Black "Kulaots, Kaido"]
[Result "1-0"]
[WhiteElo "2286"]
[BlackElo "2538"]
[PlyCount "83"]
[EventDate "2022.08.15"]
[EventType "swiss"]
[EventRounds "9"]
[EventCountry "LAT"]
[SourceTitle "CBM 209 Extra"]
[Source "ChessBase"]
[SourceDate "2022.09.30"]
[SourceVersion "1"]
[SourceVersionDate "2022.09.30"]
[SourceQuality "1"]

1. d4 Nf6 2. c4 e6 3. Nc3 d5 4. cxd5 exd5 5. Bg5 Bb4 6. Qb3 c5 7. dxc5 Nc6 8. e3 d4 9. 0-0-0 Bxc3 10. bxc3 d3 11. Bxd3 Qa5 12. Bxf6 gxf6 13. Ne2 0-0 14. Nf4 Qxc5 15. Bc2 Bg4 16. Rd5 Qe7 17. h3 Be6 18. Nxe6 fxe6 19. Rd2 Rac8 20. Rhd1 Ne5 21. Rd6 Rc6 22. Rxc6 Nxc6 23. Qc4 Kh8 24. Bb3 Re8 25. Kb2 a6 26. g4 Kg7 27. h4 Ne5 28. Qe4 Ng6 29. h5 Nf8 30. f4 h6 31. Qd4 Kh7 32. Qb6 Rc8 33. Rd6 Re8 34. f5 Nd7 35. Qc7 Ne5 36. Qxe7+ Rxe7 37. Rxe6 Rd7 38. Rxf6 Nxg4 39. Re6 Rd2+ 40. Ka3 Rd3 41. e4 Rxc3 42. f6 1-0

[Event "Riga Tech op 11th"]
[Site "Riga"]
[Date "2022.08.17"]
[Round "4"]
[White "Lahdelma, Henri"]
[Black "Stremavicius, Titas"]
[Result "1/2-1/2"]
[WhiteElo "2286"]
[BlackElo "2526"]
[PlyCount "119"]
[EventDate "2022.08.15"]
[EventType "swiss"]
[EventRounds "9"]
[EventCountry "LAT"]
[SourceTitle "CBM 209 Extra"]
[Source "ChessBase"]
[SourceDate "2022.09.30"]
[SourceVersion "1"]
[SourceVersionDate "2022.09.30"]
[SourceQuality "1"]

1. d4 d5 2. c4 e6 3. Nc3 Nf6 4. cxd5 exd5 5. Bg5 Be7 6. e3 0-0 7. Bd3 h6 8. Bh4 Re8 9. Nge2 c6 10. 0-0 Nbd7 11. Qc2 Nh5 12. Bxe7 Qxe7 13. Rab1 a5 14. Na4 Nhf6 15. a3 Qd6 16. h3 g6 17. b4 b5 18. Nc5 Kg7 19. a4 bxa4 20. Qxa4 Nb6 21. Qc2 axb4 22. Rxb4 Nbd7 23. Ra4 Rb8 24. Rc1 Nf8 25. Ra7 Re7 26. Rxe7 Qxe7 27. Ng3 h5 28. Nf1 N8h7 29. Na4 Bd7 30. Qc5 Qxc5 31. Nxc5 Be8 32. Nd2 Nd7 33. Nxd7 Bxd7 34. Nf3 f6 35. Ra1 Rb7 36. Ra6 Nf8 37. Bc2 Rb2 38. Ne1 Kf7 39. Ra8 h4 40. Kf1 Ke7 41. Ke2 Bf5 42. Kd2 Bxc2 43. Nxc2 Rb1 44. Rc8 Rb6 45. Ne1 Rb2+ 46. Nc2 Rb6 47. g3 hxg3 48. fxg3 f5 49. Ne1 Rb2+ 50. Nc2 Rb6 51. Kc3 Nd7 52. Nb4 Nf6 53. Rxc6 Ne4+ 54. Kb3 Rxc6 55. Nxc6+ Kf6 56. g4 fxg4 57. hxg4 Kg5 58. Ne7 Kxg4 59. Nxg6 Kf3 60. Ne7 1/2-1/2

[Event "Riga Tech op 11th"]
[Site "Riga"]
[Date "2022.08.16"]
[Round "3"]
[White "Elmi, Saad Abobaker"]
[Black "Lahdelma, Henri"]
[Result "0-1"]
[WhiteElo "2110"]
[BlackElo "2286"]
[PlyCount "100"]
[EventDate "2022.08.15"]
[EventType "swiss"]
[EventRounds "9"]
[EventCountry "LAT"]
[SourceTitle "CBM 209 Extra"]
[Source "ChessBase"]
[SourceDate "2022.09.30"]
[SourceVersion "1"]
[SourceVersionDate "2022.09.30"]
[SourceQuality "1"]

1. e4 e6 2. d4 d5 3. e5 c5 4. c3 Nc6 5. Nf3 Bd7 6. Bd3 cxd4 7. cxd4 Qb6 8. 0-0 Nxd4 9. Nxd4 Qxd4 10. Nc3 a6 11. Re1 Ne7 12. Qf3 Qb6 13. h4 Nc6 14. Qg3 g6 15. Rb1 Bg7 16. h5 Nb4 17. h6 Bf8 18. Bg5 Nxd3 19. Qxd3 Bc6 20. Qf3 Qc7 21. Ne2 Rg8 22. Nd4 Be7 23. Bf6 Bxf6 24. exf6 Kd7 25. Qe3 Qb6 26. Qd2 Rac8 27. Nf3 Rc7 28. Ng5 Kc8 29. Nxh7 Rd7 30. Ng5 d4 31. h7 Rh8 32. Re5 d3 33. Rbe1 Qd4 34. b3 Rd5 35. Rxd5 Qxd5 36. Re4 Rxh7 37. Rg4 Rh8 38. Nxf7 Rf8 39. Ng5 Rxf6 40. Rg3 Rf5 41. Nh3 g5 42. Nxg5 e5 43. Nh3 e4 44. Kh2 Kb8 45. Kg1 Ka7 46. a4 Qd4 47. Rg8 Rc5 48. a5 Rxa5 49. b4 Ra2 50. Qf4 d2 0-1

[Event "Riga Tech op 11th"]
[Site "Riga"]
[Date "2022.08.16"]
[Round "2"]
[White "Lahdelma, Henri"]
[Black "Valantiejus, Vaidotas"]
[Result "1/2-1/2"]
[WhiteElo "2286"]
[BlackElo "2112"]
[PlyCount "178"]
[EventDate "2022.08.15"]
[EventType "swiss"]
[EventRounds "9"]
[EventCountry "LAT"]
[SourceTitle "CBM 209 Extra"]
[Source "ChessBase"]
[SourceDate "2022.09.30"]
[SourceVersion "1"]
[SourceVersionDate "2022.09.30"]
[SourceQuality "1"]

1. d4 d5 2. c4 e6 3. Nc3 a6 4. cxd5 exd5 5. Bf4 Nf6 6. e3 Bd6 7. Bg5 c6 8. Bd3 Nbd7 9. Nge2 Qc7 10. Qc2 0-0 11. h3 Re8 12. 0-0 h6 13. Bh4 Nh5 14. g4 g5 15. Bxg5 hxg5 16. gxh5 Nf6 17. Kg2 Nxh5 18. Rh1 Qe7 19. Rag1 Qf6 20. Qd1 Bf5 21. Bxf5 Qxf5 22. Nc1 Ng7 23. h4 g4 24. Kf1 g3 25. Qe2 Nh5 26. Nd3 Re6 27. Ke1 Rae8 28. Kd2 Kf8 29. Nd1 Rg6 30. Rg2 Rg4 31. Qf1 Qf6 32. f4 Rxh4 33. Rxh4 Qxh4 34. Qf3 Nf6 35. Nc3 Ne4+ 36. Kc2 Re6 37. Nc1 Bb4 38. Nxe4 dxe4 39. Qxg3 Qxg3 40. Rxg3 Rh6 41. Rg2 Rh3 42. a3 Be7 43. Kd2 f5 44. Ne2 Kf7 45. Nc3 b5 46. b4 Rh1 47. Kc2 Ra1 48. Kb2 Re1 49. Re2 Rxe2+ 50. Nxe2 Bh4 51. Kc2 Ke6 52. Nc3 Be1 53. Nb1 Kd5 54. Kb3 Bf2 55. Nc3+ Ke6 56. Nd1 Bg1 57. Kc3 Bh2 58. Kb3 Bg3 59. Nb2 Bh4 60. Nd1 Bd8 61. Nc3 Kd6 62. Ne2 a5 63. a4 bxa4+ 64. Kxa4 axb4 65. Kxb4 Bh4 66. Kc3 Kd5 67. Kd2 Kc4 68. Ng1 Be7 69. Ne2 Bb4+ 70. Kc2 Kd5 71. Ng3 Ke6 72. Kd1 Kf6 73. Ne2 Kg6 74. Ng3 Be7 75. Nf1 Kh5 76. Nd2 Kg6 77. Nc4 Kf6 78. Ne5 c5 79. dxc5 Ke6 80. c6 Bd6 81. Kc2 Kd5 82. Nf7 Kxc6 83. Nxd6 Kxd6 84. Kb3 Kd5 85. Kb4 Kd6 86. Kb3 Kd5 87. Kb4 Kd6 88. Kc4 Kc6 89. Kd4 Kd6 1/2-1/2

[Event "Titled Tuesday intern op 02nd Aug Early"]
[Site "Chess.com INT"]
[Date "2022.08.02"]
[Round "7"]
[White "Ambartsumova, Karina"]
[Black "Lahdelma, Henri"]
[Result "0-1"]
[WhiteElo "2386"]
[BlackElo "2286"]
[PlyCount "64"]
[EventDate "2022.08.02"]
[EventType "swiss (blitz)"]
[EventRounds "11"]
[EventCountry "USA"]
[SourceTitle "EXT 2023"]
[Source "ChessBase"]
[SourceDate "2022.10.05"]
[SourceVersion "1"]
[SourceVersionDate "2022.10.05"]
[SourceQuality "1"]

1. d4 d5 2. Nf3 c6 3. c4 e6 4. g3 dxc4 5. Bg2 Bb4+ 6. Nc3 b5 7. Ne5 Qb6 8. 0-0 Bb7 9. Be3 Nf6 10. d5 Bc5 11. dxe6 fxe6 12. Bxc5 Qxc5 13. Nf3 0-0 14. Bh3 Re8 15. Qc2 Nbd7 16. Rad1 Ne5 17. Ng5 Neg4 18. Nxh7 Nxh7 19. Bxg4 Nf6 20. Bf3 Rad8 21. Qg6 Qf5 22. Qxf5 exf5 23. e3 Ba8 24. Kg2 b4 25. Na4 Kf7 26. Rxd8 Rxd8 27. Rc1 Rd2 28. Rxc4 Ke7 29. Rxb4 c5 30. Rb8 Bxf3+ 31. Kxf3 Ne4 32. Kf4 Ke6 0-1